000 00732nam a2200277Ia 4500
001 6495
005 20240113233921.0
007 ta
008 050627s 197 a g b000 u eng u
020 _a0-471-09412-9
040 _aCotton College,Assam
041 _aeng
082 _a537
_bP 83 El
100 _aPortis, Alan M. .
245 0 _aElectromagnetic Fields: Sources & Media /
_cAlan M. Portis.
_hTextual Documents
250 _a1st ed. /
260 _aNew York :
_bJohn Wiley & Sons ,
_cC 1978.
300 _axxiii, 775p. :
_bill. ;
_c25cm .
504 _aIndex
653 _aPhysics
653 _aElectromagnetism
653 _aPG-Physics
942 _2ddc
_cBK
999 _c6482
_d6482